000 00293nam a22001217a 4500
999 _c5057
_d5057
008 250516b ||||| |||| 00| 0 eng d
020 _a9781634304658
082 _a643 ALL
100 _aALLEN,NANCY
_eAUTHOR
245 _aEVERYONE HAS A HOME
260 _bROURKE EDUCATIONAL MEDIA
942 _2ddc